LEADER 01212cam0 22002651 450 001 SOBE00040284 005 20140217113537.0 100 $a20140217d1806 |||||ita|0103 ba 101 $aita 102 $aIT 200 1 $aVite de' pittori antichi$fScritte e illustrate da Carlo Dati, nell'Accademia della Crusca lo Smarrito$ecolle postille della prima edizione e con quelle che scritte in margine dello stesso autore furono pubblicate nella seconda 210 $aMilano$cdalla Società tipografica de' Classici italiani$d1806 215 $a294 p., [1] carta di tav.$critratto$d20 cm 225 2 $aClassici italiani$v98 410 1$1001SOBE00040266$12001 $a*Classici italiani$v98 700 1$aDati$b, Carlo Roberto$3SOBA00009379$4070$0194114 801 0$aIT$bUNISOB$c20140217$gRICA 850 $aUNISOB 852 $aUNISOB$j3|C$m11379|ort 912 $aSOBE00040284 940 $aM 103 Monografia antica SBN 941 $aM 957 $xFondo|Ortolani$a3|C$b030$i-5$fModalità di consultazione sulla home page della Biblioteca link Fondi$gNO$d11379|ort$hOrtolaniS$rdono$1calvano123$2UNISOB$3UNISOB$420140217113543.0$520140217113643.0$6calvano123 996 $aVite de' pittori antichi$9269240 997 $aUNISOB